El asedio

Tallennettuna:
Bibliografiset tiedot
Päätekijä: Pérez-Reverte, Arturo (Tekijä)
Aineistotyyppi: Kirja
Kieli:espanja
Julkaistu: Ciudad de México Santillana Ediciones Generales 2010
Painos:1a. ed
Aiheet:
Tagit: Lisää tagi
Ei tageja, Lisää ensimmäinen tagi!

MARC

LEADER 00000cam a2200000 a 4500
001 UCG3881
003 CL-VaPUC
008 100923e20100300MX |||||||||||||||||spa|d
020 |a 9786071104427 
082 0 4 |a 863  |b PER  |2 21 
100 0 |a Pérez-Reverte, Arturo  |e author  |9 553194 
245 1 3 |a El asedio 
250 |a 1a. ed 
300 |a 727 p 
942 |c BK 
945 |d 20100923 00:00:00  |a mfarfan 
260 |a Ciudad de México  |b Santillana Ediciones Generales  |c 2010 
650 0 |a Novelas españolas  |9 265052 
650 0 |a Literatura española  |9 306261 
650 0 |a Escritores españoles  |9 318145 
583 |a last modification  |c 20120329 11:11:36  |k Rodrigo Vera 
999 |c 342836  |d 342834 
952 |0 0  |1 0  |4 0  |6 863_000000000000000_PER_2010  |7 0  |8 C  |9 439431  |a BIBCUR  |b BIBCUR  |d 2019-11-22  |i 4721012  |l 1  |o 863 PER 2010  |p 4721012  |r 2025-04-22  |s 2023-11-03  |w 2019-11-22  |y BK  |k CAC 
952 |0 0  |1 0  |4 0  |6 863_000000000000000_PER_2010  |7 0  |8 A  |9 439432  |a BIBING  |b BIBING  |d 2019-11-22  |i 4852656  |o 863 PER 2010  |p 4852656  |r 2023-03-02  |w 2019-11-22  |y BK  |k CUI